000 00543nam a2200205Ia 4500
005 20260429112050.0
008 260429s9999||||xx |||||||||||||| ||und||
020 _a9781835353301
041 _aEnglish
082 _a617.1027
_bSAR
100 _aSarat, W.
245 0 _aInjuries and rehabilitation in sports /
_cW. Sarat
250 _a1st ed.
260 _aLondon :
_bETP ED- Tech Press,
_c2025.
300 _axix, 357 p.; hb
650 _a Athletic injuries
650 _a Rehabilitation
650 _aSports medicine
942 _cTB
999 _c52164
_d52164